[Event "DRUGA LIGA CENTRALNE SRBIJE - Zapad"]
[Site "Vrnjacka banja"]
[Date "2013.??.??"]
[Round "2.1"]
[White "Brkljaca, Ante"]
[Black "Vujic, Mihailo"]
[Result "1-0"]
[WhiteElo "2322"]
[BlackElo "2340"]
[PlyCount "123"]
[EventDate "2013.10.10"]

1. Nf3 Nc6 2. e4 e5 3. Bb5 f5 4. Nc3 fxe4 5. Nxe4 d5 6. Ng3 Bg4 7. d4 e4 8. h3
exf3 9. hxg4 fxg2 10. Rg1 Qd6 11. Qe2+ Kd7 12. Be3 Re8 13. O-O-O g6 14. Rxg2 a6
15. Bxc6+ Qxc6 16. Rh1 Bd6 17. g5 Ne7 18. Qd3 Nc8 19. Rgh2 Re7 20. Rh6 Nb6 21.
b3 Qb5 22. Qxb5+ axb5 23. Ne2 Rf8 24. Rxh7 Rxh7 25. Rxh7+ Ke6 26. Rg7 Kf5 27.
Ng3+ Kg4 28. Rxg6 Bxg3 29. fxg3 Kxg3 30. Rf6 Rg8 31. g6 Kg4 32. Bh6 Nd7 33. Rf7
Rxg6 34. Rxd7 Rxh6 35. Rxc7 Rb6 36. Rd7 Kf4 37. Rxd5 Ke4 38. Rd7 b4 39. Kb2 Rb5
40. a3 Rb6 41. axb4 Rxb4 42. Kc3 Rb6 43. d5 Rh6 44. Rxb7 Kxd5 45. Rc7 Rh3+ 46.
Kb4 Kd6 47. Rc8 Kd7 48. Rc5 Kd6 49. c3 Rh8 50. c4 Ra8 51. Rh5 Kc6 52. Rh6+ Kc7
53. c5 Rg8 54. Kb5 Rb8+ 55. Kc4 Rg8 56. b4 Rg4+ 57. Kb5 Rg8 58. Rh7+ Kb8 59.
Kb6 Rd8 60. c6 Rc8 61. Rb7+ Ka8 62. Ra7+ 1-0

[Event "DRUGA LIGA CENTRALNE SRBIJE - Zapad"]
[Site "Vrnjacka banja"]
[Date "2013.??.??"]
[Round "2.1"]
[White "Stojanovic, Dobrisav"]
[Black "Markovic, Dragan P"]
[Result "1-0"]
[WhiteElo "2355"]
[BlackElo "2242"]
[PlyCount "63"]
[EventDate "2013.10.10"]

1. d4 Nf6 2. c4 e6 3. Nf3 b6 4. g3 Bb7 5. Bg2 Be7 6. O-O O-O 7. Nc3 Ne4 8. Qc2
Nxc3 9. bxc3 f5 10. d5 Qc8 11. Rd1 Na6 12. e4 exd5 13. exd5 Nc5 14. Nd4 g6 15.
h4 Bf6 16. h5 Ba6 17. hxg6 hxg6 18. g4 Bxc4 19. Bh6 Rf7 20. gxf5 g5 21. Nf3 Qd8
22. Rd4 Bd3 23. Qd2 Bxf5 24. Nxg5 Bxg5 25. Bxg5 Qf8 26. Bh6 Qd6 27. Re1 Qg6 28.
Re3 Bg4 29. Rxg4 Qxg4 30. Rg3 Qxg3 31. fxg3 Re8 32. Qg5+ 1-0

[Event "DRUGA LIGA CENTRALNE SRBIJE - Zapad"]
[Site "Vrnjacka banja"]
[Date "2013.??.??"]
[Round "2.1"]
[White "Simic, Goran S"]
[Black "Gosic, Bogdan"]
[Result "0-1"]
[WhiteElo "2106"]
[BlackElo "2281"]
[PlyCount "88"]
[EventDate "2013.10.10"]

1. d4 Nf6 2. Nf3 e6 3. e3 c5 4. Bd3 Nc6 5. b3 Qa5+ 6. c3 d5 7. O-O Qc7 8. Bb2
Bd6 9. Nbd2 O-O 10. h3 Bd7 11. Rc1 e5 12. dxe5 Nxe5 13. Nxe5 Bxe5 14. Nf3 Bc6
15. Qc2 c4 16. Be2 b5 17. Ba3 Rfe8 18. Nxe5 Rxe5 19. Bf3 Rg5 20. Qe2 Re8 21.
Rfd1 Bd7 22. Kh1 Bf5 23. Rd4 Bd3 24. Qd2 Re6 25. e4 dxe4 26. Qxg5 exf3 27. gxf3
h6 28. Qc5 Qb7 29. Kg2 Kh7 30. Rg1 Rc6 31. Qf8 Rc8 32. Rd8 Rxd8 33. Qxd8 Be2
34. Kh2 Qxf3 35. Qd4 Bd3 36. Bf8 Bg6 37. bxc4 bxc4 38. a4 Kg8 39. Bd6 Ne4 40.
Bg3 Bf5 41. Qxc4 Qh5 42. Qf1 Nd2 43. Qg2 Nf3+ 44. Kh1 Bxh3 0-1

[Event "DRUGA LIGA CENTRALNE SRBIJE - Zapad"]
[Site "Vrnjacka banja"]
[Date "2013.??.??"]
[Round "2.1"]
[White "Zivkovic, Vladislav"]
[Black "Novakovic, Slobodan"]
[Result "1/2-1/2"]
[WhiteElo "2192"]
[BlackElo "2167"]
[PlyCount "21"]
[EventDate "2013.10.10"]

1. c4 Nf6 2. g3 g6 3. Bg2 Bg7 4. Nc3 O-O 5. e4 d6 6. Nge2 Nbd7 7. d3 c6 8. O-O
a6 9. a4 Rb8 10. a5 e5 11. h3 1/2-1/2

[Event "DRUGA LIGA CENTRALNE SRBIJE - Zapad"]
[Site "Vrnjacka banja"]
[Date "2013.??.??"]
[Round "2.1"]
[White "Osatovic, Aleksandar*"]
[Black "Jovanovic, Bojan P**"]
[Result "0-1"]
[WhiteElo "2052"]
[BlackElo "2220"]
[PlyCount "74"]
[EventDate "2013.10.10"]

1. d4 f5 2. Nf3 Nf6 3. g3 g6 4. Bg2 Bg7 5. O-O O-O 6. c3 e6 7. Bg5 d6 8. Nbd2
h6 9. Bxf6 Qxf6 10. e4 e5 11. dxe5 dxe5 12. exf5 gxf5 13. Re1 Nc6 14. Qb3+ Kh8
15. Rad1 Rb8 16. Nh4 Be6 17. Qa4 e4 18. f3 Ne5 19. Nxe4 fxe4 20. Qxe4 Bf5 21.
Qxf5 Qb6+ 22. Kh1 Rxf5 23. Nxf5 Qf6 24. g4 Rd8 25. Rd4 Nd3 26. Re7 Qxe7 27.
Nxe7 Bxd4 28. cxd4 Rxd4 29. Nf5 Ra4 30. b3 Rxa2 31. Bf1 Ne5 32. Nh4 Rb2 33. h3
Rxb3 34. f4 Nf3 35. Ng6+ Kg7 36. Ne7 Rb2 37. Nf5+ Kh7 0-1

[Event "DRUGA LIGA CENTRALNE SRBIJE - Zapad"]
[Site "Vrnjacka banja"]
[Date "2013.??.??"]
[Round "2.1"]
[White "Lazic, Dragoljub"]
[Black "Zivanovic, Bojan**"]
[Result "1-0"]
[WhiteElo "2266"]
[BlackElo "2075"]
[PlyCount "71"]
[EventDate "2013.10.10"]

1. e4 c5 2. Nf3 d6 3. d4 cxd4 4. Nxd4 Nf6 5. Nc3 g6 6. Bc4 Bg7 7. O-O O-O 8.
Bb3 Nc6 9. Nf3 Bd7 10. h3 Na5 11. Re1 Bc6 12. Nd4 Rc8 13. Bg5 a6 14. Qd2 b5 15.
Nxc6 Rxc6 16. Nd5 Nxb3 17. axb3 Nxd5 18. exd5 Rc7 19. c3 f6 20. Be3 Qc8 21. b4
Qb7 22. Ra5 f5 23. Rea1 Ra8 24. Bg5 Be5 25. f4 Bg7 26. Re1 Re8 27. Re6 Rc4 28.
Ra1 Rc7 29. Rae1 Kf7 30. Kh1 Rd7 31. Qd3 Qb6 32. Qg3 a5 33. bxa5 Qxa5 34. Qh4
h5 35. Bxe7 b4 36. Qg5 1-0

[Event "DRUGA LIGA CENTRALNE SRBIJE - Zapad"]
[Site "Vrnjacka banja"]
[Date "2013.??.??"]
[Round "2.1"]
[White "Kikanovic, Zivota"]
[Black "Popovic, Milan S**"]
[Result "0-1"]
[WhiteElo "2164"]
[BlackElo "2178"]
[PlyCount "72"]
[EventDate "2013.10.10"]

1. Nf3 Nf6 2. g3 g6 3. b3 Bg7 4. Bb2 O-O 5. Bg2 d6 6. O-O c5 7. d3 Nc6 8. e4 e5
9. Nbd2 h6 10. Nc4 b5 11. Ne3 Be6 12. Nd2 d5 13. exd5 Nxd5 14. Ne4 Nxe3 15.
fxe3 Qe7 16. Nf6+ Bxf6 17. Bxc6 Rab8 18. Qe2 Bg7 19. Bg2 Rfd8 20. Rad1 h5 21.
h3 Qd7 22. Kh2 Qc7 23. e4 c4 24. dxc4 bxc4 25. Bc1 Qa5 26. Bg5 Rxd1 27. Rxd1
Qxa2 28. bxc4 Qxc4 29. Qf2 Qc7 30. Ra1 a5 31. Qd2 Ra8 32. g4 hxg4 33. h4 a4 34.
h5 gxh5 35. Bh6 f6 36. Bxg7 Kxg7 0-1

[Event "DRUGA LIGA CENTRALNE SRBIJE - Zapad"]
[Site "Vrnjacka banja"]
[Date "2013.??.??"]
[Round "2.2"]
[White "Savicevic, Vlatko"]
[Black "Misailovic, Nebojsa"]
[Result "1-0"]
[WhiteElo "2320"]
[BlackElo "2306"]
[PlyCount "109"]
[EventDate "2013.10.10"]

1. e4 c5 2. Nf3 Nc6 3. d4 cxd4 4. Nxd4 g6 5. c4 Nf6 6. Nc3 Nxd4 7. Qxd4 d6 8.
Be2 Bg7 9. O-O O-O 10. Qe3 Be6 11. Bd2 Qb6 12. b3 Qxe3 13. Bxe3 Rfc8 14. Rac1
a6 15. f4 b5 16. Bd4 bxc4 17. f5 Bd7 18. Bxc4 gxf5 19. exf5 d5 20. Bd3 Bc6 21.
Rfe1 Ne4 22. Bxg7 Kxg7 23. Nxe4 dxe4 24. Bxe4 Bxe4 25. Rxc8 Rxc8 26. Rxe4 Kf6
27. g4 h5 28. gxh5 Rh8 29. Ra4 Kxf5 30. Rxa6 e5 31. h6 f6 32. b4 Rxh6 33. b5
Rg6+ 34. Kf1 Rh6 35. b6 Rxh2 36. Ra3 Rh1+ 37. Kg2 Rh8 38. Rb3 Ke6 39. a4 Kd7
40. a5 Kc8 41. a6 Kb8 42. Rf3 Rh6 43. Rd3 Rh8 44. Rd6 Rf8 45. Re6 Ka8 46. Kf3
Kb8 47. Ke3 Ka8 48. Kd3 Kb8 49. Re7 Ka8 50. Rc7 f5 51. b7+ Kb8 52. a7+ Kxc7 53.
a8=Q Rb8 54. Qa5+ Kxb7 55. Qxe5 1-0

[Event "DRUGA LIGA CENTRALNE SRBIJE - Zapad"]
[Site "Vrnjacka banja"]
[Date "2013.??.??"]
[Round "2.2"]
[White "Pavlovic, Dejan S"]
[Black "Simic, Dragisa"]
[Result "1/2-1/2"]
[WhiteElo "2398"]
[BlackElo "2296"]
[PlyCount "26"]
[EventDate "2013.10.10"]

1. d4 c5 2. d5 g6 3. Nc3 Nf6 4. g3 d6 5. Bg2 Bg7 6. Nf3 O-O 7. O-O Na6 8. Nd2
Nc7 9. a4 b6 10. Nc4 Ba6 11. Na3 Qd7 12. Re1 Rad8 13. Nab5 Bb7 1/2-1/2

[Event "DRUGA LIGA CENTRALNE SRBIJE - Zapad"]
[Site "Vrnjacka banja"]
[Date "2013.??.??"]
[Round "2.2"]
[White "Biljanic, Ljubomir"]
[Black "Ratkovic, Milovan**"]
[Result "1-0"]
[WhiteElo "2333"]
[BlackElo "2294"]
[PlyCount "107"]
[EventDate "2013.10.10"]

1. d4 d5 2. Nf3 Nf6 3. c4 c6 4. Qc2 dxc4 5. Qxc4 Bf5 6. Nc3 e6 7. e3 Nbd7 8.
Nh4 Bg4 9. h3 Bh5 10. g4 Nd5 11. Ng2 Bg6 12. Nxd5 cxd5 13. Qb3 Be4 14. Bd2 Bd6
15. Ke2 h5 16. f3 Bxf3+ 17. Kxf3 hxg4+ 18. Ke2 Rxh3 19. Rxh3 gxh3 20. Nf4 h2
21. Bg2 Qg5 22. Bf3 Qg1 23. Rf1 Nb6 24. Qd1 Qg5 25. Rh1 Qh6 26. Nd3 Nc4 27. Bc1
Qh4 28. b3 Nb6 29. Bd2 g5 30. Be1 Qh3 31. Kd2 f5 32. Qe2 Ke7 33. Kc2 Nd7 34.
Kb2 g4 35. Bg2 Qh6 36. Bd2 Qg7 37. Bc3 Rc8 38. Qe1 b6 39. Bb4 g3 40. Bxd6+ Kxd6
41. Qb4+ Kc7 42. Nf4 Nf8 43. Rc1+ Kb7 44. Nxe6 Nxe6 45. Bxd5+ Kb8 46. Qd6+ Rc7
47. Rxc7 Qxc7 48. Qxe6 Qc8 49. Qe5+ Qc7 50. Qxf5 Qg7 51. Qf4+ Kc8 52. Qd6 g2
53. Qc6+ Kd8 54. Bxg2 1-0

[Event "DRUGA LIGA CENTRALNE SRBIJE - Zapad"]
[Site "Vrnjacka banja"]
[Date "2013.??.??"]
[Round "2.2"]
[White "Civric, Zdravko"]
[Black "Adzic, Momcilo"]
[Result "1/2-1/2"]
[WhiteElo "2181"]
[BlackElo "2258"]
[PlyCount "103"]
[EventDate "2013.10.10"]

1. e4 e5 2. Nf3 Nf6 3. Nxe5 d6 4. Nc4 Nxe4 5. Nc3 Nxc3 6. dxc3 Be7 7. Bd3 Nd7
8. Be3 O-O 9. Be2 Ne5 10. Qd2 Be6 11. Nxe5 dxe5 12. Qxd8 Rfxd8 13. c4 f5 14. f4
Bf6 15. c3 b6 16. O-O e4 17. Rfd1 Kf8 18. Kf2 h6 19. Bd4 Ke7 20. Ke3 g5 21. g3
g4 22. Bxf6+ Kxf6 23. Rxd8 Rxd8 24. b3 h5 25. h4 gxh3 26. Rh1 c5 27. Rxh3 Bf7
28. Rh1 Rh8 29. Rh3 h4 30. gxh4 Bh5 31. Bxh5 Rxh5 32. b4 Rh8 33. h5 Rd8 34. Ke2
Kg7 35. Rg3+ Kh6 36. Rg6+ Kxh5 37. Rg5+ Kh4 38. bxc5 bxc5 39. Rxf5 Kg4 40. Rxc5
Kxf4 41. Rc7 Rd3 42. Rf7+ Kg5 43. Re7 Kf5 44. Rf7+ Ke5 45. Re7+ Kf5 46. Rf7+
Ke6 47. Rxa7 Rxc3 48. Ra5 Rxc4 49. Ke3 Kd6 50. Rb5 Ra4 51. Rh5 Rxa2 52. Kxe4
1/2-1/2

[Event "DRUGA LIGA CENTRALNE SRBIJE - Zapad"]
[Site "Vrnjacka banja"]
[Date "2013.??.??"]
[Round "2.2"]
[White "Vuksanovic, Zvezdan"]
[Black "Pecinar, Zoran"]
[Result "1/2-1/2"]
[WhiteElo "2178"]
[BlackElo "2170"]
[PlyCount "109"]
[EventDate "2013.10.10"]

1. e4 c5 2. Nc3 Nc6 3. Nf3 g6 4. d4 cxd4 5. Nxd4 Bg7 6. Be3 d6 7. Qd2 Nf6 8. f3
O-O 9. Bc4 Bd7 10. O-O-O Rc8 11. Bb3 Nxd4 12. Bxd4 b5 13. Nd5 Nxd5 14. Bxg7
Kxg7 15. Bxd5 Qc7 16. Kb1 Qc5 17. c3 a5 18. Qd4+ Qxd4 19. cxd4 Rc7 20. Rc1 Rfc8
21. Rxc7 Rxc7 22. Rc1 Rxc1+ 23. Kxc1 e6 24. Bb3 Kf6 25. Kd2 g5 26. g3 h6 27.
Ke3 Kg6 28. f4 f6 29. e5 gxf4+ 30. Kxf4 fxe5+ 31. dxe5 d5 32. Bc2+ Kg7 33. Ke3
Be8 34. Kd4 Bg6 35. Bd1 Bb1 36. Bg4 Kf7 37. a3 Ke7 38. Be2 b4 39. axb4 axb4 40.
Kc5 b3 41. Kd4 Kf7 42. Bg4 Bc2 43. h4 Be4 44. Be2 Kg6 45. g4 Bc2 46. Kc3 Kg7
47. Bd3 Bd1 48. g5 hxg5 49. hxg5 Kf7 50. Bb1 Kg7 51. Bd3 Kf7 52. Kd4 Bc2 53.
Bb5 Kg6 54. Bd7 Bf5 55. Ba4 1/2-1/2

[Event "DRUGA LIGA CENTRALNE SRBIJE - Zapad"]
[Site "Vrnjacka banja"]
[Date "2013.??.??"]
[Round "2.2"]
[White "Zivanic, Slobodan"]
[Black "Nonkovic, Nikola**"]
[Result "1-0"]
[WhiteElo "2214"]
[BlackElo "1860"]
[PlyCount "55"]
[EventDate "2013.10.10"]

1. e4 d6 2. d4 Nf6 3. Nc3 e5 4. Nf3 Nbd7 5. Bc4 Be7 6. O-O O-O 7. a4 a5 8. h3
c6 9. Re1 exd4 10. Qxd4 Nc5 11. Bf1 Be6 12. Bg5 Qb6 13. Rad1 Rad8 14. b3 Rfe8
15. Qe3 Ncd7 16. Nd4 h6 17. Bh4 d5 18. exd5 Bxd5 19. Nf5 Qxe3 20. Rxe3 Bc5 21.
Nxd5 Nxd5 22. Rg3 g5 23. Nxh6+ Kh7 24. Bxg5 f6 25. Bd3+ Kg7 26. Bf4+ Kf8 27.
Rg8+ Ke7 28. Rg7+ 1-0

[Event "DRUGA LIGA CENTRALNE SRBIJE - Zapad"]
[Site "Vrnjacka banja"]
[Date "2013.??.??"]
[Round "2.2"]
[White "Dikic, Veljko**"]
[Black "Rajkovic, Mladen**"]
[Result "0-1"]
[WhiteElo "1947"]
[BlackElo "2053"]
[PlyCount "102"]
[EventDate "2013.10.10"]

1. e4 c5 2. Nc3 e6 3. g3 Nc6 4. Bg2 g6 5. d3 Bg7 6. Be3 Nd4 7. Qd2 d6 8. Nd1
Nc6 9. Ne2 Qa5 10. Qxa5 Nxa5 11. c3 Bd7 12. f4 Rc8 13. d4 b6 14. e5 dxe5 15.
dxe5 Ne7 16. Nf2 Nd5 17. Bd2 Bf8 18. Ng4 Be7 19. Ne3 Bc6 20. O-O-O O-O 21. Nxd5
Bxd5 22. Bxd5 exd5 23. f5 Nc4 24. f6 Bd8 25. Bh6 Re8 26. Bg5 Nxe5 27. Rxd5 Ng4
28. Nf4 Bxf6 29. Bxf6 Nxf6 30. Rd6 Kg7 31. Rhd1 Re5 32. Nd5 Nxd5 33. R6xd5 Rce8
34. a4 Rxd5 35. Rxd5 Re1+ 36. Kc2 Re2+ 37. Kb3 Rxh2 38. Rd7 Rg2 39. Rxa7 Rxg3
40. Rb7 h5 41. Rxb6 h4 42. Rd6 h3 43. Rd1 g5 44. a5 g4 45. a6 Re3 46. a7 Re8
47. Rh1 Ra8 48. Kc4 Rxa7 49. Kxc5 Ra5+ 50. Kd4 Rg5 51. Ke3 g3 0-1

[Event "DRUGA LIGA CENTRALNE SRBIJE - Zapad"]
[Site "Vrnjacka banja"]
[Date "2013.??.??"]
[Round "2.3"]
[White "Jovanovic, Dusan D"]
[Black "Popovic, Nenad"]
[Result "1-0"]
[WhiteElo "2415"]
[BlackElo "2269"]
[PlyCount "57"]
[EventDate "2013.10.10"]

1. Nf3 c6 2. b3 d5 3. g3 Nf6 4. Bg2 Bf5 5. Bb2 e6 6. O-O Nbd7 7. d3 Qc7 8. Nbd2
h5 9. c4 Be7 10. a3 Rg8 11. Rc1 g5 12. cxd5 exd5 13. Nd4 Bg6 14. b4 h4 15. Qa4
hxg3 16. hxg3 Nh5 17. Nxc6 bxc6 18. Rxc6 Qb8 19. Rfc1 Bd8 20. Nf3 Bf5 21. Nd4
Bg4 22. Nb5 Nb6 23. Nc7+ Kf8 24. Rxb6 Qxc7 25. Rxc7 Bxc7 26. Rb7 Bd6 27. Bxd5
Be6 28. Bxe6 fxe6 29. Qd7 1-0

[Event "DRUGA LIGA CENTRALNE SRBIJE - Zapad"]
[Site "Vrnjacka banja"]
[Date "2013.??.??"]
[Round "2.3"]
[White "Lukic, Predrag"]
[Black "Popovic, Predrag R"]
[Result "1/2-1/2"]
[WhiteElo "2238"]
[BlackElo "2257"]
[PlyCount "80"]
[EventDate "2013.10.10"]

1. d4 Nf6 2. c4 e6 3. Nc3 d5 4. Bg5 Nbd7 5. cxd5 exd5 6. e3 c6 7. Bd3 Be7 8.
Qc2 h6 9. Bh4 Nb6 10. Nge2 Ng4 11. Bxe7 Qxe7 12. h3 Nf6 13. O-O-O Bd7 14. Kb1
O-O-O 15. g4 Kb8 16. Rc1 g5 17. Ng3 h5 18. Nf5 Bxf5 19. Bxf5 hxg4 20. hxg4 Nc4
21. Ka1 Nd6 22. b3 Nxf5 23. Qxf5 Qe6 24. Qxe6 fxe6 25. f3 Rdf8 26. Ne2 Kc7 27.
Kb2 Kd6 28. Kc2 Nd7 29. f4 Nf6 30. fxg5 Nxg4 31. Kd2 Nf2 32. Rxh8 Ne4+ 33. Kd3
Rxh8 34. g6 Rg8 35. Nf4 e5 36. dxe5+ Kxe5 37. Rg1 Nc5+ 38. Ke2 Ne6 39. Nh5 Ng7
40. Nf4 Ne6 1/2-1/2

[Event "DRUGA LIGA CENTRALNE SRBIJE - Zapad"]
[Site "Vrnjacka banja"]
[Date "2013.??.??"]
[Round "2.3"]
[White "Djuricic, Dejan"]
[Black "Tomic, Miroslav Lj"]
[Result "0-1"]
[WhiteElo "2024"]
[BlackElo "2172"]
[PlyCount "88"]
[EventDate "2013.10.10"]

1. e4 c6 2. d4 d5 3. Nc3 dxe4 4. Nxe4 Bf5 5. Ng3 Bg6 6. h4 h6 7. Nf3 e6 8. h5
Bh7 9. Bd3 Bxd3 10. Qxd3 Nd7 11. Bf4 Qa5+ 12. Bd2 Bb4 13. Ne4 Bxd2+ 14. Qxd2
Qxd2+ 15. Kxd2 Ke7 16. c4 Ngf6 17. Nxf6 Nxf6 18. Ne5 c5 19. dxc5 Ne4+ 20. Ke3
Nxc5 21. b4 Nd7 22. Nxd7 Kxd7 23. Rhd1+ Ke7 24. Rd2 Rhd8 25. Rad1 Rxd2 26. Rxd2
Rc8 27. Rc2 Kf6 28. g4 Kg5 29. f3 Rc7 30. c5 f5 31. Rg2 fxg4 32. fxg4 a5 33. a3
axb4 34. axb4 Rf7 35. Rf2 Rxf2 36. Kxf2 Kf4 37. b5 Ke5 38. Ke3 Kd5 39. c6 bxc6
40. b6 Kd6 41. Kd4 c5+ 42. Kc4 Kc6 43. b7 Kxb7 44. Kxc5 Kc7 0-1

[Event "DRUGA LIGA CENTRALNE SRBIJE - Zapad"]
[Site "Vrnjacka banja"]
[Date "2013.??.??"]
[Round "2.3"]
[White "Vujovic, Radojica"]
[Black "Jakovljevic, Nenad"]
[Result "1-0"]
[WhiteElo "2083"]
[BlackElo "2080"]
[PlyCount "89"]
[EventDate "2013.10.10"]

1. e4 c5 2. Nf3 d6 3. Bc4 Nf6 4. d3 Nc6 5. c3 g6 6. Bb3 Bg7 7. O-O O-O 8. Re1
Bg4 9. h3 Bxf3 10. Qxf3 b5 11. Nd2 Qc7 12. Bc2 Rab8 13. Nf1 b4 14. Bd2 Nd7 15.
Ne3 e6 16. Rec1 a5 17. Ng4 Nce5 18. Qg3 Nxg4 19. hxg4 e5 20. Bb3 Qa7 21. cxb4
axb4 22. Bg5 Nb6 23. Qh4 Qd7 24. g3 h6 25. Bxh6 Bxh6 26. Qxh6 Qxg4 27. Kg2 Qh5
28. Qxh5 gxh5 29. Rh1 Rbc8 30. Rxh5 Kg7 31. Rg5+ Kf6 32. f4 c4 33. dxc4 Nxc4
34. Rh1 Rc5 35. Rh6+ Ke7 36. Rg7 Nxb2 37. Rhh7 Nc4 38. Kh3 Rc7 39. Kh4 Kf6 40.
f5 d5 41. exd5 Kxf5 42. Rh6 Nd2 43. d6 Rc1 44. Bd5 f6 45. Rh5# 1-0

[Event "DRUGA LIGA CENTRALNE SRBIJE - Zapad"]
[Site "Vrnjacka banja"]
[Date "2013.??.??"]
[Round "2.3"]
[White "Lazic, Miodrag"]
[Black "Nikolic, Vladimir"]
[Result "1/2-1/2"]
[WhiteElo "2003"]
[BlackElo "1977"]
[PlyCount "119"]
[EventDate "2013.10.10"]

1. e4 Nf6 2. e5 Nd5 3. d4 d6 4. c4 Nb6 5. exd6 cxd6 6. Bd3 Nc6 7. Be3 e5 8. d5
Ne7 9. Ne2 f5 10. f3 Bd7 11. b3 Ng6 12. O-O Be7 13. a4 O-O 14. a5 Nc8 15. Nbc3
Bg5 16. f4 Bf6 17. Qd2 exf4 18. Nxf4 Nxf4 19. Bxf4 Bd4+ 20. Kh1 Qf6 21. Rac1 h6
22. Ne2 Bb2 23. Rc2 Be5 24. b4 g5 25. Bxe5 Qxe5 26. Qc3 Qxc3 27. Rxc3 Ne7 28.
Nd4 Rac8 29. Rc2 f4 30. Re1 Nf5 31. Nxf5 Bxf5 32. Bxf5 Rxf5 33. Rd1 b6 34. axb6
axb6 35. Kg1 Re5 36. Kf2 Re4 37. Rdc1 Rd4 38. h3 h5 39. Kf3 Kf7 40. c5 bxc5 41.
bxc5 Rd3+ 42. Ke4 Re3+ 43. Kd4 dxc5+ 44. Rxc5 Rxc5 45. Kxc5 Re2 46. Rg1 Ke7 47.
Kd4 Kd6 48. Kd3 Re5 49. h4 Kxd5 50. hxg5 Re3+ 51. Kd2 Rg3 52. Ke2 Ke4 53. Kf2
Rxg5 54. Re1+ Kf5 55. Re8 Kg4 56. Rh8 Ra5 57. Rg8+ Kf5 58. Rf8+ Ke4 59. Re8+
Re5 60. Rxe5+ 1/2-1/2

[Event "DRUGA LIGA CENTRALNE SRBIJE - Zapad"]
[Site "Vrnjacka banja"]
[Date "2013.??.??"]
[Round "2.3"]
[White "Pajic, Boris"]
[Black "Leontic, Ivica*"]
[Result "1-0"]
[WhiteElo "2030"]
[BlackElo "2066"]
[PlyCount "105"]
[EventDate "2013.10.10"]

1. d4 d5 2. c4 e6 3. cxd5 exd5 4. Nc3 Nf6 5. Bg5 Nbd7 6. e3 Be7 7. Bd3 O-O 8.
Qf3 c6 9. Nge2 Re8 10. h3 Nf8 11. g4 Ng6 12. Nf4 Ne4 13. Bxe7 Qxe7 14. Nxg6
fxg6 15. Bxe4 dxe4 16. Qg2 Qb4 17. O-O-O Qc4 18. Kc2 Be6 19. b3 Qa6 20. Qf1 Qa5
21. Kb2 Bd5 22. Nxd5 cxd5 23. f4 exf3 24. Qxf3 Rac8 25. Rd3 Re4 26. Rf1 Qc7 27.
Qf2 h6 28. Qd2 b6 29. Rf4 Re6 30. Rf3 Rc6 31. Rf2 Qg3 32. Rh2 Rf6 33. e4 Rf3
34. Rxf3 Qxf3 35. e5 Re8 36. Qc3 Qf7 37. Re2 Kh7 38. Qe3 Qe6 39. Qf3 Rc8 40.
Rc2 Rxc2+ 41. Kxc2 Kg8 42. Kd2 Qd7 43. Qf1 h5 44. Qf3 hxg4 45. Qxg4 Qf7 46.
Qc8+ Kh7 47. Ke2 Qf4 48. Qg4 Qh2+ 49. Ke3 Qxa2 50. e6 Qxb3+ 51. Kf4 Qd3 52. Ke5
Qf5+ 53. Qxf5 1-0

[Event "DRUGA LIGA CENTRALNE SRBIJE - Zapad"]
[Site "Vrnjacka banja"]
[Date "2013.??.??"]
[Round "2.4"]
[White "Smolovic, Mile"]
[Black "Czebe, Attila"]
[Result "1/2-1/2"]
[WhiteElo "2355"]
[BlackElo "2456"]
[PlyCount "122"]
[EventDate "2013.10.10"]

1. e4 d6 2. Bc4 Nf6 3. d3 g6 4. Nc3 Bg7 5. f4 O-O 6. Nf3 c6 7. Qe2 b5 8. Bb3 a5
9. a4 b4 10. Nd1 Nbd7 11. e5 Nd5 12. O-O Nc5 13. Bxd5 cxd5 14. b3 Bg4 15. Re1
Ne6 16. Qf2 Rc8 17. Ra2 Bxf3 18. Qxf3 Nd4 19. Qf2 Nxb3 20. cxb3 Rxc1 21. d4 Qb6
22. Rd2 e6 23. Ne3 Rc3 24. Ng4 Rfc8 25. Nf6+ Bxf6 26. exf6 h6 27. Qh4 Kh7 28.
g4 R8c7 29. f5 g5 30. Qf2 e5 31. dxe5 Qxf2+ 32. Kxf2 dxe5 33. Rxe5 Rxb3 34.
Rdxd5 h5 35. gxh5 Rc6 36. Rxa5 Rxf6 37. Rab5 Rh3 38. Rxb4 Rxh2+ 39. Kg3 Rxh5
40. a5 Rh1 41. Ra4 Ra6 42. Rb5 Kg7 43. Ra2 Rf1 44. Rf2 Rg1+ 45. Kh2 Rg4 46. Kh3
Rh4+ 47. Kg3 Rah6 48. f6+ Kg6 49. Rff5 Rh3+ 50. Kg2 Rh2+ 51. Kg1 Rh1+ 52. Kg2
R6h2+ 53. Kg3 Rh3+ 54. Kg2 R3h2+ 55. Kg3 Rh5 56. a6 Rg1+ 57. Kf2 Rhh1 58. a7
Rf1+ 59. Kg2 Rhg1+ 60. Kh2 Rh1+ 61. Kg2 Rhg1+ 1/2-1/2

[Event "DRUGA LIGA CENTRALNE SRBIJE - Zapad"]
[Site "Vrnjacka banja"]
[Date "2013.??.??"]
[Round "2.4"]
[White "Bojovic, Dusan*"]
[Black "Irizanin, Radoje"]
[Result "0-1"]
[WhiteElo "2309"]
[BlackElo "2318"]
[PlyCount "80"]
[EventDate "2013.10.10"]

1. e4 c5 2. Nf3 Nc6 3. d4 cxd4 4. Nxd4 g6 5. Nc3 Bg7 6. Be3 Nf6 7. Be2 O-O 8.
O-O d5 9. Nxc6 bxc6 10. e5 Ne8 11. f4 f6 12. Qd4 Nc7 13. Rad1 fxe5 14. fxe5
Rxf1+ 15. Rxf1 Ne6 16. Qa4 Bd7 17. Bg4 Qc7 18. Qa6 Qxe5 19. Bf2 Nc7 20. Qa4
Bxg4 21. Qxg4 a6 22. Re1 Qd6 23. Na4 e5 24. Nb6 Rf8 25. Nc8 Qd8 26. Na7 Qe8 27.
Bc5 Rf7 28. Qa4 Ne6 29. Bb6 e4 30. c3 Nf4 31. Qxa6 Qa8 32. Qc8+ Qxc8 33. Nxc8
Nd3 34. Re2 Rb7 35. Bd4 Bf8 36. b4 c5 37. Bf6 cxb4 38. h4 bxc3 39. Bxc3 Rc7 40.
Nb6 Bc5+ 0-1

[Event "DRUGA LIGA CENTRALNE SRBIJE - Zapad"]
[Site "Vrnjacka banja"]
[Date "2013.??.??"]
[Round "2.4"]
[White "Mirkovic, Stevan*"]
[Black "Toth, Aleksandar*"]
[Result "1/2-1/2"]
[WhiteElo "2293"]
[BlackElo "2309"]
[PlyCount "84"]
[EventDate "2013.10.10"]

1. Nf3 d6 2. d4 Bg4 3. c4 Nd7 4. Nc3 e5 5. d5 Bxf3 6. gxf3 g6 7. Rb1 Bh6 8. e3
Bg7 9. b4 f5 10. Qb3 Ngf6 11. Be2 O-O 12. Ba3 a5 13. bxa5 Rxa5 14. Bb4 Ra8 15.
a4 b6 16. Ra1 e4 17. f4 Qb8 18. O-O Ne8 19. Rfb1 Qd8 20. a5 bxa5 21. Rxa5 Rxa5
22. Bxa5 g5 23. Nb5 Nc5 24. Qa3 gxf4 25. exf4 Qe7 26. Qh3 Nb7 27. Bd2 Nc5 28.
Be3 Nd3 29. Kh1 Kh8 30. Rg1 Qf6 31. Bh5 Qh6 32. Rg5 Bf6 33. Rxf5 Ng7 34. Bg4
Nxf5 35. Bxf5 Qxh3 36. Bxh3 Rf7 37. Kg1 Rg7+ 38. Kf1 Nb2 39. c5 dxc5 40. Bxc5
Nd3 41. Be3 Nb4 42. Be6 c6 1/2-1/2

[Event "DRUGA LIGA CENTRALNE SRBIJE - Zapad"]
[Site "Vrnjacka banja"]
[Date "2013.??.??"]
[Round "2.4"]
[White "Djordjev, Bojan*"]
[Black "Gavrilovic, Leonardo"]
[Result "0-1"]
[WhiteElo "2141"]
[BlackElo "2261"]
[PlyCount "72"]
[EventDate "2013.10.10"]

1. Nf3 Nf6 2. c4 c5 3. g3 Nc6 4. d4 cxd4 5. Nxd4 Qb6 6. Nb3 Ne4 7. Be3 Qb4+ 8.
N1d2 Nxd2 9. Bxd2 Qxc4 10. Bg2 e6 11. O-O Be7 12. Bc3 O-O 13. e4 d6 14. Re1 Qa4
15. f4 Rd8 16. Qh5 Bd7 17. Nd2 Be8 18. Qg4 Bf8 19. Kh1 Ne7 20. b3 Qd7 21. Nc4
Rac8 22. Bb2 b5 23. Ne3 f5 24. Qe2 Bg6 25. h4 fxe4 26. h5 Nf5 27. Nxf5 exf5 28.
hxg6 hxg6 29. Red1 d5 30. a4 bxa4 31. Rxa4 Qb7 32. Bd4 Qxb3 33. Rxa7 Qxg3 34.
Qf2 Qg4 35. Re1 Rc4 36. Qb2 Qh4+ 0-1

[Event "DRUGA LIGA CENTRALNE SRBIJE - Zapad"]
[Site "Vrnjacka banja"]
[Date "2013.??.??"]
[Round "2.4"]
[White "Matovic, Petar"]
[Black "Djukic, Sasa"]
[Result "1-0"]
[WhiteElo "2244"]
[BlackElo "1956"]
[PlyCount "133"]
[EventDate "2013.10.10"]

1. d4 d5 2. Nf3 Nc6 3. Bf4 Bf5 4. e3 e6 5. c3 Bd6 6. Ne5 Nge7 7. Nd2 O-O 8. g4
Bg6 9. h4 f6 10. Nxg6 Nxg6 11. Bxd6 Qxd6 12. Bg2 Nge7 13. Qe2 Nd8 14. O-O-O c6
15. e4 Nf7 16. Qe3 Rae8 17. f4 dxe4 18. Nxe4 Qc7 19. Rhf1 Nd5 20. Qd2 Nd6 21.
Nxd6 Qxd6 22. Rde1 b5 23. Rf2 a5 24. Bf1 Rd8 25. Bd3 Nc7 26. Bc2 c5 27. dxc5
Qxc5 28. Qe3 Qc6 29. Bb3 Rfe8 30. Rfe2 a4 31. Bc2 e5 32. Be4 Qd6 33. f5 a3 34.
b3 b4 35. Rd2 Qe7 36. Red1 Rxd2 37. Qxd2 bxc3 38. Qxc3 Kf8 39. Qa5 Rb8 40. Qa7
Rb4 41. Bc6 Rd4 42. Rxd4 exd4 43. Qxd4 Qe1+ 44. Kc2 Qe2+ 45. Kc3 Qe1+ 46. Kc2
Qe2+ 47. Qd2 Qe7 48. b4 Na6 49. Kb3 Qc7 50. Qd7 Qb8 51. Qb7 Qg3+ 52. Ka4 Nc7
53. Qc8+ Ke7 54. Qd7+ Kf8 55. Ka5 Qe5+ 56. Kb6 h5 57. gxh5 Qe3+ 58. Kxc7 Qa7+
59. Bb7 Kg8 60. Qd5+ Kh7 61. Qc5 Qa4 62. Bd5 Kh6 63. Bb3 Qa6 64. Qg1 Kh7 65.
Qg6+ Kh8 66. Qe8+ Kh7 67. Qg8+ 1-0